Encyclopaedia of music

Bibliographic Details
Main Author: Mattoo, Sapna
Format: Book
Published: New Delhi : Anmol Publications Pvt. Ltd. , 2006
Subjects:

MARC

LEADER 00000cam a2200000 7i4500
001 0000085109
005 20200211.0
008 200211
020 |a 8126129905 
020 |a 9788126129904 
090 0 0 |a 780.3   |b MAT 
100 1 |a Mattoo, Sapna 
245 1 0 |a Encyclopaedia of music   |c Sapna Mattoo 
260 |a New Delhi :   |b Anmol Publications Pvt. Ltd. ,   |c 2006 
650 0 |a Music   |x Encyclopaedia 
999 |a 0001574687   |b Book   |c Adult Collection   |e Cawangan Segamat